LEADER 02142nam0 2200457 i 450 001 VAN0132648 005 20230801024129.153 017 70$2N$a9783030674281 100 $a20210322d2021 |0itac50 ba 101 $aeng 102 $aCH 105 $a|||| ||||| 200 1 $aLiouville-Riemann-Roch Theorems on Abelian Coverings$fMinh Kha, Peter Kuchment 210 $aCham$cSpringer$d2021 215 $axii, 93 p.$d24 cm 461 1$1001VAN0102250$12001 $aLecture notes in mathematics$1210 $aBerlin [etc.]$cSpringer$v2245 500 1$3VAN0234352$aLiouville-Riemann-Roch Theorems on Abelian Coverings$91768630 606 $a35Pxx$xSpectral theory and eigenvalue problems for partial differential equations [MSC 2020]$3VANC022123$2MF 606 $a35Axx$xGeneral topics in partial differential equations [MSC 2020]$3VANC022828$2MF 606 $a58J05$xElliptic equations on manifolds, general theory [MSC 2020]$3VANC023134$2MF 610 $aAbelian Covering$9KW:K 610 $aElliptic operators$9KW:K 610 $aIndex Formula$9KW:K 610 $aLiouville theorem$9KW:K 610 $aPartial differential equations$9KW:K 610 $aPeriodic Operator$9KW:K 610 $aRiemann-Roch Theorem$9KW:K 610 $aSingularities of Solutions$9KW:K 610 $aSpectrum$9KW:K 620 $aCH$dCham$3VANL001889 700 1$aKha$bMinh$3VANV106476$0791289 701 1$aKuchment$bPeter$3VANV036998$060064 712 $aSpringer $3VANV108073$4650 801 $aIT$bSOL$c20240614$gRICA 856 4 $uhttp://doi.org/10.1007/978-3-030-67428-1$zE-book ? Accesso al full-text attraverso riconoscimento IP di Ateneo, proxy e/o Shibboleth 912 $fN 912 $aVAN0132648 950 $aBIBLIOTECA DEL DIPARTIMENTO DI MATEMATICA E FISICA$d08CONS e-book $e08LNM2245 20210322 950 $aBIBLIOTECA DEL DIPARTIMENTO DI MATEMATICA E FISICA$d08CONS e-book 8293 $e08eMF8293 20240430 996 $aLiouville-Riemann-Roch Theorems on Abelian Coverings$91768630 997 $aUNICAMPANIA LEADER 01993nam0 22004693i 450 001 VAN0193045 005 20230613111507.299 017 70$2N$a9783319674865 100 $a20210726d2017 |0itac50 ba 101 $aeng 102 $aCH 105 $a|||| ||||| 200 1 $aˆThe ‰Dark Arrow of Time$ea Scientific Novel$fMassimo Villata 210 $aCham$cSpringer$d2017 215 $av, 163 p.$d24 cm 410 1$1001VAN0112268$12001 $aScience and Fiction$1210 $aCham [etc.]$cSpringer$d2014- 500 1$3VAN0193046$aˆLa ‰freccia oscura del tempo$91835171 606 $a00A79 (77-XX)$xPhysics [MSC 2020]$3VANC023182$2MF 606 $a81V35$xNuclear physics [MSC 2020]$3VANC023270$2MF 606 $a00-XX$xGeneral and overarching topics; collections [MSC 2020]$3VANC025238$2MF 606 $a81Txx$xQuantum field theory; related classical field theories [MSC 2020]$3VANC027580$2MF 610 $aAntimatter science fiction book$9KW:K 610 $aAntiparticles$9KW:K 610 $aCPT symmetry$9KW:K 610 $aExoplanets$9KW:K 610 $aFeynman diagrams$9KW:K 610 $aGenetic engineering$9KW:K 610 $aInterplanetary Travel$9KW:K 610 $aTeleportation$9KW:K 610 $aTime travel$9KW:K 620 $aCH$dCham$3VANL001889 700 1$aVillata$bMassimo$3VANV170910$0825039 712 $aSpringer $3VANV108073$4650 790 1$aWells, Max$zVillata, Massimo$3VANV170912 801 $aIT$bSOL$c20240614$gRICA 856 4 $uhttp://doi.org/10.1007/978-3-319-67486-5$zE-book ? Accesso al full-text attraverso riconoscimento IP di Ateneo, proxy e/o Shibboleth 899 $aBIBLIOTECA DEL DIPARTIMENTO DI MATEMATICA E FISICA$1IT-CE0120$2VAN08 912 $fN 912 $aVAN0193045 950 $aBIBLIOTECA DEL DIPARTIMENTO DI MATEMATICA E FISICA$d08CONS e-book 3303 $e08eMF3303 20210726 996 $aFreccia oscura del tempo$91835171 997 $aUNICAMPANIA